000
00311nam a22001337a 4500
008
181122b xxu||||| |||| 00| 0 eng d
020
_a
0070024391
041
_a
eng
080
_a
370
100
_a
49
101
_a
EDU
245
_a
Effective Writing For College Curiculum
_c
Robert.A
942
_2
udc
_c
BK
999
_c
52417
_d
52417